书目信息 |
| 题名: |
汽车零件全流程设计及案例分析
|
|
| 作者: | 王廷强 编著 | |
| 分册: | ||
| 出版信息: | 北京 机械工业出版社 2020.9 |
|
| 页数: | 164页 | |
| 开本: | 26cm | |
| 丛书名: | 汽车先进技术论坛丛书 | |
| 单 册: | ||
| 中图分类: | U463.02 | |
| 科图分类: | ||
| 主题词: | 汽车--零部件--设计 | |
| 电子资源: | ||
| ISBN: | 978-7-111-65779-8 | |
| 000 | 00867nam0 2200253 45 | |
| 001 | 012001001804 | |
| 005 | 20140912135024.0 | |
| 010 | @a978-7-111-65779-8@dCNY70.00 | |
| 100 | @a20201123d2020 em y0chiy50 ea | |
| 101 | 0 | @achi |
| 102 | @aCN@b110000 | |
| 105 | @aa z 000yy | |
| 106 | @ar | |
| 200 | 1 | @a汽车零件全流程设计及案例分析@Aqi che ling jian quan liu cheng she ji ji an li fen xi@b专著@f王廷强编著 |
| 210 | @a北京@c机械工业出版社@d2020.9 | |
| 215 | @a164页@c图@d26cm | |
| 225 | 1 | @a汽车先进技术论坛丛书 |
| 330 | @a本书对汽车零件从基础到高级的关键设计技术做了总结,共4章,包含产品的结构设计、公差设计、检具工装设计和轻量化设计。 | |
| 461 | 0 | @12001 @a汽车先进技术论坛丛书 |
| 606 | 0 | @a汽车@x零部件@x设计 |
| 690 | @aU463.02@v5 | |
| 701 | 0 | @a王廷强@Awang ting qiang@4编著 |
| 801 | 0 | @aCN@bBJSDL@c20211011 |
| 905 | @b1337280-3@dU463.02@e1068@f4 | |
| 汽车零件全流程设计及案例分析/王廷强编著.-北京:机械工业出版社,2020.9 |
| 164页:图;26cm.-(汽车先进技术论坛丛书) |
| ISBN 978-7-111-65779-8:CNY70.00 |
| 本书对汽车零件从基础到高级的关键设计技术做了总结,共4章,包含产品的结构设计、公差设计、检具工装设计和轻量化设计。 |
| ● |
| 相关链接 |
|
|
|
|
正题名:汽车零件全流程设计及案例分析
索取号:U463.02/1068
 
预约/预借
| 序号 | 登录号 | 条形码 | 馆藏地/架位号 | 状态 | 备注 |
| 1 | 1337280 | 213372802 | 第二样本阅览室/ [索取号:U463.02/1068] | 在馆 | |
| 2 | 1337281 | 213372811 | 第三借阅区/ [索取号:U463.02/1068] | 在馆 | |
| 3 | 1337282 | 213372820 | 第三借阅区/ [索取号:U463.02/1068] | 在馆 | |
| 4 | 1337283 | 213372839 | 第三借阅区/ [索取号:U463.02/1068] | 在馆 |